000 00915cam a2200241 4500
001 ABS61351
008 000000n1999 000 0 eng u
035 _a(Sirsi) u101242
110 _aChesterton
_92357
245 _aSheds supplement
260 _c1999
490 _aProperty Week Supplement
_v September 1999, (64) LOAN
520 _aVarious articles highlighting key issues affecting the shed sector. Looks at what is happening in distribution. Discusses property firms branching into airport development, the evolving concept of the flexible lease, and gives data of Chesterton's county-by-county development site list.
590 _aABS
650 _aINDUSTRIAL PROPERTY
650 _aDISTRIBUTION MARKET
650 _aAIRPORTS
650 _aCHESTERTON
650 _aFLEXIBLE LEASES
650 _aDEVELOPMENT
690 _aPROPERTY-COMMERCIAL PROPERTY-COMMERCIAL PROPERTY MARKET
942 _n0
999 _c60396
_d60396